Top 12 Uconn Huskies Men's Basketball Career Points Leaders - Statistics

General Stats
  • This quiz has been taken 572 times
    528 since last reset
  • The average score is 6 of 12
Answer Stats
Years Played Points Name % Correct
94-96 1,922 Ray Allen
84%
08-11 1,783 Kemba Walker
83%
97-99 2,036 Richard Hamilton
78%
10-14 1,959 Shabazz Napier
74%
02-04 1,795 Ben Gordon
56%
92-94 1,648 Donyell Marshall
46%
89-92 2,145 Chris Smith
42%
98-00 1,650 Khalid El-Amin
42%
86-89 1,664 Cliff Robinson
32%
65-67 1,673 Wes Bialosuknia
18%
79-82 1,810 Corny Thompson
16%
74-77 1,990 Tony Hanson
15%
No matching quizzes found
Score Distribution
Percent of People with Each Score
Percentile by Number Answered
Your Score History
You have not taken this quiz since the last reset